01251nam a2200241Ia 4500001001100000003001000011008004100021040002500062041001300087100001700100245003300117250001100150260009200161300001100253500019500264501011400459520019500573650002300768942000700791957000600798999004300804952016200847L959-44603IT-CnALBA170116s9999||||xx |||||||||||||| ||und|| aIT-CnALBAcIT-CnALBA aITALIANO aALBA, COMUNE 0aREGOLAMENTO D'IGIENE, ALBA.  a1a ed. a STABIL. TIPOGRAFICO. ALBAbSINEO E BO. c1911 [1° Ed.:1911 - Ed.Ling.Originale: 1911] a43 p.  aPROFESSIONE SANITARIA. ASSISTENZA MEDICA AI POVERI. IGINE DEL SUOLO. DELL'ABITATO. ALIMENTI, BEVANDE E OGGETTI DI USO DOMESTICO. MALATTIE INFETTIVE. DISPOSIZIONI. PENALITA' AI TRASGRESSORI.  aSocietà San Paolo EM - Piazza San Paolo, 14 - 12051 ALBA (CN) (non commercial uses only) ® Copyright 2017 aPROFESSIONE SANITARIA. ASSISTENZA MEDICA AI POVERI. IGINE DEL SUOLO. DELL'ABITATO. ALIMENTI, BEVANDE E OGGETTI DI USO DOMESTICO. MALATTIE INFETTIVE. DISPOSIZIONI. PENALITA' AI TRASGRESSORI.  aALBA E CIRCONDARIO cBK 71 a50353bSI g Copie: 1 c303546d303546 0010406L_9594460371aALBAbALBAd2017-01-16l0oL959-44603r2017-01-16 00:00:00w2017-01-16yBKz(data import: 16 gennaio 2017) - By Epidotti, Vaglietti.